Mountain research in Europe : an overview of MAB research from the Pyrenees to Siberia
Αποθηκεύτηκε σε:
| Κύριος συγγραφέας: | |
|---|---|
| Μορφή: | Βιβλίο |
| Γλώσσα: | English |
| Δημοσίευση: |
Paris : New York :
Unesco ; Parthenon,
1995
|
| Σειρά: | Man and the biosphere series ;
14 |
| Θέματα: | |
| Ετικέτες: |
Προσθήκη ετικέτας
Δεν υπάρχουν, Καταχωρήστε ετικέτα πρώτοι!
|
MARC
| LEADER | 00000cam a2200000 i 4500 | ||
|---|---|---|---|
| 001 | 1/1265 | ||
| 008 | 000417s1995 fr | ||| |||| ||eng|| | ||
| 020 | |a 1-85070-5704 | ||
| 035 | |l 10059956 | ||
| 040 | |a GR-MyUa |b gre |e AACR2 | ||
| 041 | 0 | |a eng | |
| 082 | 7 | |a 304.209143 |2 (22) | |
| 100 | 1 | |a Price, Martin F. | |
| 245 | 1 | 0 | |a Mountain research in Europe : |b an overview of MAB research from the Pyrenees to Siberia / |c M.F. Price. |
| 260 | |a Paris : |b Unesco ; |a New York : |b Parthenon, |c 1995 | ||
| 300 | |a 230 σ. ; |c 25 εκ. | ||
| 490 | 1 | |a (Man and the biospere series ; |v 14) | |
| 504 | |a Περιλαμβάνει βιβλιογραφικές παραπομπές και ευρετήριο. | ||
| 650 | 0 | 0 | |a Nature |x Effect of human beings on |z Europe. |
| 650 | 0 | 0 | |a Mountain ecology |z Europe. |
| 830 | 0 | |a Man and the biosphere series ; |v 14 | |
| 852 | |a INST |b LESVOS |e 20000417 |h 304.209143 PRI |p 005100023129 |q 005100023129 |t BK |y 0 | ||
| 901 | |a BIBL1-2000-1 | ||
| 922 | |a 1ΕΛΗ |b 200002 |c ΚΠΣ/ΤΠ |d GLORY | ||
| 950 | |a 107-1999-12-23 | ||
| 970 | |a ΚΑΜΑΤΣΟΥ |b ΔΕΣΠΟΙΝΑ |z 2000/04/19 | ||